La relation du scepticisme avec la philosophie, suivi de (Record no. 170448)

MARC details
000 -LEADER
campo de control de longitud fija 01066nam a2200277 i 4500
001 - NÚMERO DE CONTROL
campo de control 170448
003 - IDENTIFICADOR DE NÚMERO DE CONTROL
campo de control ES-MaACL
005 - FECHA Y HORA DE LA ÚLTIMA TRANSACCIÓN
campo de control 20250827231412.0
008 - DATOS DE LONGITUD FIJA--INFORMACIÓN GENERAL
campo de control de longitud fija 090305s1972 fr |||| | fre d
080 ## - NÚMERO DE LA CLASIFICACIÓN DECIMAL UNIVERSAL
Número de la Clasificación Decimal Universal 165.72
080 ## - NÚMERO DE LA CLASIFICACIÓN DECIMAL UNIVERSAL
Número de la Clasificación Decimal Universal 165.65
100 0# - ENTRADA PRINCIPAL--NOMBRE DE PERSONA
Nombre de persona Hegel, Georg Wilhelm Friedrich.
9 (RLIN) 62316
245 13 - MENCIÓN DEL TÍTULO
Título La relation du scepticisme avec la philosophie, suivi de
Resto del título ; L'essence de la critique philosophique /
Mención de responsabilidad, etc. G. W. F. Hegel ; traduction et notes par B. [Bernard] Fauquet ; préface de J.-P. [Jean-Paul] Dumont.
260 ## - PUBLICACIÓN, DISTRIBUCIÓN, ETC.
Lugar de publicación, distribución, etc. Paris :
Nombre del editor, distribuidor, etc. J. Vrin,
Fecha de publicación, distribución, etc. 1972.
300 ## - DESCRIPCIÓN FÍSICA
Extensión 99, [4] p. ;
Dimensiones 22 cm.
490 1# - MENCIÓN DE SERIE
Mención de serie Bibliothèque des textes philosophiques
500 ## - NOTA GENERAL
Nota general Índices.
650 07 - PUNTO DE ACCESO ADICIONAL DE MATERIA--TÉRMINO DE MATERIA
Término de materia o nombre geográfico como elemento de entrada Escepticismo
Fuente del encabezamiento o término embne
9 (RLIN) 12353
650 #4 - PUNTO DE ACCESO ADICIONAL DE MATERIA--TÉRMINO DE MATERIA
Término de materia o nombre geográfico como elemento de entrada Criticismo.
9 (RLIN) 11454
700 1# - ENTRADA AGREGADA--NOMBRE PERSONAL
Nombre de persona Fauquet, Bernard.
9 (RLIN) 188930
700 1# - ENTRADA AGREGADA--NOMBRE PERSONAL
Nombre de persona Dumont, Jean-Paul.
9 (RLIN) 46009
740 2# - ENTRADA AGREGADA--TÍTULO RELACIONADO/ANALÍTICO NO CONTROLADO
Título relacionado o analítico no controlado L'essence de la critique philosophique.
830 0# - PUNTO DE ACCESO ADICIONAL DE SERIE-TÍTULO UNIFORME
Título uniforme Bibliothèque des textes philosophiques
9 (RLIN) 182654
852 4# - LOCALIZACIÓN
Ubicación ES-MaACL
Número de control de estantería E-12478
itemnumber R.140091
Nota libre . - Biblioteca Jacinto Martínez Lacalle
Holdings
Estatus retirado Estado de pérdida Estado de daño No para préstamo Biblioteca de origen Biblioteca actual Ubicación en estantería Fecha de adquisición Fuente de adquisición Total de préstamos Signatura topográfica completa Código de barras Visto por última vez Precio de reemplazo Tipo de ítem Koha
        Biblioteca del Ateneo de Madrid Biblioteca del Ateneo de Madrid Depósito 2 05/03/2009     E-12478 1178908 23/02/2023 23/02/2023 Libro impreso